[Event "European Senior Team Championship 2021"]
[Site "Don Giovanni hotel, Vinohradska 2733, Prague, Czech Republic"]
[Date "2021.09.07"]
[Round "9"]
[Board "1"]
[White "Jeute, Peter"]
[Black "Afek, Yochanan"]
[Result "0-1"]
[WhiteElo "1866"]
[BlackElo "2202"]
[PlyCount "0"]
[EventDate "2021.08.30"]
[EventType "team"]
[EventRounds "9"]
[EventCountry "ECX"]
[WhiteTeam "DRESDENER SPRINGER"]
[BlackTeam "ISRAEL 2"]

1. d4 {[%clk 1:30:58]} Nf6 {[%clk 1:25:58]} 2. Nf3 {[%clk 1:31:19]} g6
{[%clk 1:24:38]} 3. e3 {[%clk 1:31:38]} Bg7 {[%clk 1:24:53]} 4. Be2
{[%clk 1:31:52]} O-O {[%clk 1:24:50]} 5. O-O {[%clk 1:32:13]} d6 {[%clk 1:22:54]}
6. c4 {[%clk 1:32:12]} Nbd7 {[%clk 1:22:53]} 7. Nc3 {[%clk 1:32:24]} c6
{[%clk 1:22:13]} 8. b4 {[%clk 1:30:19]} e5 {[%clk 1:20:17]} 9. Qb3
{[%clk 1:30:41]} exd4 {[%clk 1:17:02]} 10. exd4 {[%clk 1:30:31]} Re8
{[%clk 1:17:06]} 11. Bg5 {[%clk 1:29:11]} a5 {[%clk 1:10:36]} 12. a3
{[%clk 1:17:07]} Qb6 {[%clk 1:09:38]} 13. Rab1 {[%clk 1:08:49]} Nf8
{[%clk 1:04:36]} 14. c5 {[%clk 1:03:19]} Qa7 {[%clk 1:00:14]} 15. b5
{[%clk 0:55:33]} a4 {[%clk 0:57:14]} 16. Qb4 {[%clk 0:45:58]} Bf5
{[%clk 0:50:34]} 17. Rbe1 {[%clk 0:39:55]} dxc5 {[%clk 0:49:30]} 18. dxc5
{[%clk 0:39:18]} Ne4 {[%clk 0:49:22]} 19. Nxe4 {[%clk 0:35:32]} Bxe4
{[%clk 0:46:16]} 20. Nd2 {[%clk 0:26:27]} Bd5 {[%clk 0:41:11]} 21. Nc4
{[%clk 0:24:29]} Re4 {[%clk 0:37:03]} 22. Bd3 {[%clk 0:21:14]} Rg4
{[%clk 0:36:45]}  0-1

[Event "European Senior Team Championship 2021"]
[Site "Don Giovanni hotel, Vinohradska 2733, Prague, Czech Republic"]
[Date "2021.09.07"]
[Round "9"]
[Board "2"]
[White "Gal, Moshe"]
[Black "Mueckan, Friedbert"]
[Result "1-0"]
[WhiteElo "2088"]
[BlackElo "1883"]
[PlyCount "0"]
[EventDate "2021.08.30"]
[EventType "team"]
[EventRounds "9"]
[EventCountry "ECX"]
[WhiteTeam "ISRAEL 2"]
[BlackTeam "DRESDENER SPRINGER"]

1. d4 {[%clk 1:26:00]} d5 {[%clk 1:30:50]} 2. Bf4 {[%clk 1:26:24]} Nf6
{[%clk 1:30:43]} 3. e3 {[%clk 1:26:53]} e6 {[%clk 1:30:31]} 4. Nf3
{[%clk 1:27:17]} Bd6 {[%clk 1:30:53]} 5. Bg3 {[%clk 1:27:39]} O-O
{[%clk 1:30:51]} 6. Bd3 {[%clk 1:27:57]} b6 {[%clk 1:30:43]} 7. Nbd2
{[%clk 1:26:51]} Bb7 {[%clk 1:30:27]} 8. Qe2 {[%clk 1:26:55]} Nbd7
{[%clk 1:29:10]} 9. Ne5 {[%clk 1:26:21]} Qe7 {[%clk 1:26:39]} 10. c3
{[%clk 1:23:25]} c5 {[%clk 1:26:56]} 11. Nxd7 {[%clk 1:21:54]} Qxd7
{[%clk 1:24:52]} 12. Bh4 {[%clk 1:19:17]} Ne4 {[%clk 1:20:13]} 13. Qh5
{[%clk 1:15:17]} f5 {[%clk 1:20:10]} 14. Nf3 {[%clk 1:15:15]} Qe8
{[%clk 1:20:19]} 15. Qxe8 {[%clk 1:15:23]} Raxe8 {[%clk 1:19:28]} 16. Ne5
{[%clk 1:09:06]} c4 {[%clk 1:15:01]} 17. Bc2 {[%clk 1:08:12]} Bxe5 18. dxe5 Nc5
{[%clk 1:08:12]} 19. b4 {[%clk 1:07:13]} Nd7 {[%clk 1:02:40]} 20. Ba4
{[%clk 1:05:43]} Rf7 {[%clk 1:03:08]} 21. f4 {[%clk 1:05:52]} a6 {[%clk 1:02:47]}
22. Bxd7 {[%clk 1:05:02]} Rxd7 {[%clk 1:03:15]} 23. Kf2 {[%clk 1:05:17]} Kf7
{[%clk 1:03:05]} 24. Rhg1 {[%clk 1:03:10]} Rc7 {[%clk 0:48:46]} 25. g4
{[%clk 0:59:52]} Rg8 {[%clk 0:41:03]} 26. gxf5 {[%clk 0:58:20]} exf5
{[%clk 0:41:11]} 27. a4 {[%clk 0:56:59]} Bc8 {[%clk 0:34:05]} 28. Rgd1
{[%clk 0:55:19]} Be6 {[%clk 0:18:52]} 29. b5 {[%clk 0:51:15]} a5 {[%clk 0:18:55]}
30. Rg1 {[%clk 0:51:29]} Rb7 {[%clk 0:18:42]} 31. Rg3 {[%clk 0:50:36]} g6
{[%clk 0:16:37]} 32. Bf6 {[%clk 0:50:27]} h5 {[%clk 0:16:43]} 33. Rag1
{[%clk 0:50:31]} Rd7 {[%clk 0:16:41]} 34. Rg5 {[%clk 0:50:39]} Rb7
{[%clk 0:16:28]} 35. Kg3 {[%clk 0:51:01]} Rd7 {[%clk 0:16:17]} 36. Kh4
{[%clk 0:51:25]} Rb7 {[%clk 0:15:36]} 37. R5g3 {[%clk 0:51:39]} Rd7
{[%clk 0:15:28]} 38. Kg5 {[%clk 0:51:58]} Kf8 {[%clk 0:15:33]} 39. Kh6
{[%clk 0:50:24]} Bf7 {[%clk 0:15:42]} 40. e6 {[%clk 0:50:28]} Bxe6
{[%clk 0:15:13]} 41. Rxg6 {[%clk 0:50:35]} Rxg6+ {[%clk 0:13:12]} 42. Rxg6
{[%clk 0:50:05]} Bf7 {[%clk 0:06:12]} 43. Bg7+ {[%clk 0:48:45]} Ke8
{[%clk 0:06:03]} 44. Rxb6 {[%clk 0:49:06]} Re7 {[%clk 0:03:38]} 45. Rb8+
{[%clk 0:49:36]} Kd7 {[%clk 0:03:44]} 46. Rb7+ {[%clk 0:50:00]} Kd6 47. Bf8  1-0

[Event "European Senior Team Championship 2021"]
[Site "Don Giovanni hotel, Vinohradska 2733, Prague, Czech Republic"]
[Date "2021.09.07"]
[Round "9"]
[Board "4"]
[White "Postolati, Alexander"]
[Black "Baensch, Frank"]
[Result "1-0"]
[WhiteElo "1779"]
[BlackElo "1682"]
[PlyCount "0"]
[EventDate "2021.08.30"]
[EventType "team"]
[EventRounds "9"]
[EventCountry "ECX"]
[WhiteTeam "ISRAEL 2"]
[BlackTeam "DRESDENER SPRINGER"]

1. d4 {[%clk 1:25:14]} Nf6 {[%clk 1:30:27]} 2. Nf3 {[%clk 1:25:08]} g6
{[%clk 1:28:51]} 3. c4 {[%clk 1:25:33]} d5 {[%clk 1:28:38]} 4. cxd5
{[%clk 1:25:52]} Nxd5 {[%clk 1:27:06]} 5. e4 {[%clk 1:26:11]} Nb6
{[%clk 1:26:59]} 6. Nc3 {[%clk 1:16:54]} e6 {[%clk 1:19:00]} 7. Be3
{[%clk 1:16:48]} N8d7 {[%clk 1:15:34]} 8. Rc1 {[%clk 1:08:06]} c6
{[%clk 1:11:06]} 9. Bg5 {[%clk 1:06:22]} f6 {[%clk 1:07:35]} 10. Bf4
{[%clk 0:59:57]} Qe7 {[%clk 1:03:13]} 11. a4 {[%clk 0:52:41]} a5 {[%clk 0:57:24]}
12. Qb3 {[%clk 0:48:30]} Bg7 {[%clk 0:53:56]} 13. Bc7 {[%clk 0:45:02]} Qb4
{[%clk 0:46:19]} 14. Qxe6+ {[%clk 0:45:03]} Qe7 {[%clk 0:46:29]} 15. Qxe7+
{[%clk 0:38:56]} Kxe7 {[%clk 0:46:47]} 16. Bd3 {[%clk 0:39:09]} Kf7
{[%clk 0:44:41]} 17. Bc2 {[%clk 0:36:20]} Ke7 {[%clk 0:42:37]} 18. O-O
{[%clk 0:30:21]} Nc4 {[%clk 0:40:16]} 19. b3 {[%clk 0:27:06]} Nd6
{[%clk 0:38:49]} 20. Rfe1 {[%clk 0:27:05]} Ne8 {[%clk 0:38:39]} 21. Bf4
{[%clk 0:27:02]} g5 {[%clk 0:35:11]} 22. Be3 {[%clk 0:26:11]} Nd6
{[%clk 0:31:40]} 23. e5 {[%clk 0:23:06]} Ne8 {[%clk 0:28:10]} 24. exf6+
{[%clk 0:23:08]} Kxf6 {[%clk 0:25:53]} 25. Bxg5+ {[%clk 0:22:35]} Kf7
{[%clk 0:26:06]} 26. Re7+ {[%clk 0:21:37]} Kf8 {[%clk 0:26:11]} 27. Rce1
{[%clk 0:21:43]} Nd6 {[%clk 0:22:43]} 28. Bf4 {[%clk 0:20:10]} Bf6
{[%clk 0:20:01]} 29. Bh6+ {[%clk 0:17:54]} Kg8 {[%clk 0:19:38]} 30. R7e6
{[%clk 0:17:37]} Bg7 {[%clk 0:12:30]} 31. Rxd6 {[%clk 0:16:36]} Nf6
{[%clk 0:12:41]} 32. Bg5 {[%clk 0:15:10]} Nd7 {[%clk 0:11:27]} 33. Bd3
{[%clk 0:13:14]} h6 {[%clk 0:10:58]} 34. Bh4 {[%clk 0:12:52]} Nf8
{[%clk 0:10:01]} 35. Rd8 {[%clk 0:09:44]} b6 {[%clk 0:09:17]} 36. Ree8
{[%clk 0:09:52]}  1-0